000 00704nam a2200205Ia 4500
005 20241216011240.0
008 190429s9999||||xx |||||||||||||| ||und||
082 _a582
_bR84
100 _aROSALES BARRERA LUCIANO ARTURO
245 0 _aAISLAMIENTO. IDENTIFICACION Y CARACTERIZACION CULTURAL DE CEPAS NATIVAS DE TRICHODERMA SPP. EN LA POVINCIA DE OXAPAMPA
250 _a0
260 _aCERRO DE PASCO-PERU
_bUNDAC
_c2012
300 _a147 pag.
_c30 cm.
341 _h0
490 _v0
_a0
505 _aREVISION BIBLIOGRAFICA/MATERIALES/METODOS/RESULTADOS/CONCLUSIONES/RECOMENDACIONES
541 _aD
_bROSALES BARRER LUCIANO A.
_d25-Jun-14
_oSoles
650 _aAgronomía - Oxapampa
942 _cTESIS
999 _c36674
_d36674